| 000 | 00862nmc a2200277 a 4500 | ||
|---|---|---|---|
| 003 | AR-BaBNM | ||
| 005 | 20251128203635.0 | ||
| 008 | 226119s1954 ||||||||||||||000 | spa|| | ||
| 040 | _cAR-BaBNM | ||
| 100 | 1 | _aCervantes Saavedra, Miguel de | |
| 245 | 1 | 0 |
_aEl ingenioso hidalgo don Quijote de la Mancha _bprincipales y más entretenidas aventuras |
| 250 | _a2ª ed. | ||
| 260 |
_aBuenos Aires _bKapelusz _c1954 |
||
| 300 | 1 | _axxii, 488 p. | |
| 490 | 0 |
_aBiblioteca de grandes obras de la literatura universal _vv. 1 |
|
| 500 | 0 | _aTextos selecionados y anotados para su uso en las escuelas | |
| 650 | 4 | _aLITERATURA ESPANOLA | |
| 650 | 4 | _aHUMOR | |
| 653 | _aNOVELA DE PERSONAJE | ||
| 653 | _aBARROCO | ||
| 653 | _aLIBROS DE CABALLERIA | ||
| 655 | _aLITERATURA | ||
| 700 | 1 |
_aEstrella Gutiérrez, Fermín _eselección |
|
| 942 | _cBK | ||
| 998 | _cisola | ||
| 999 |
_c4281 _d4281 |
||